Kansas City Chiefs 2021 Roster - Statistics

General Stats
  • This quiz has been taken 198 times
  • The average score is 20 of 36
Answer Stats
Pos. Player % Correct
QB Patrick Mahomes
100%
WR Tyreek Hill
99%
TE Travis Kelce
98%
WR Mecole Hardman
89%
RB Clyde Edwards-Helaire
86%
DT Chris Jones
84%
QB Chad Henne
83%
Coach Andy Reid
82%
K Harrison Butker
79%
S Tyrann Mathieu
77%
RB Darrel Williams
74%
DE Frank Clark
71%
WR Demarcus Robinson
67%
WR Byron Pringle
64%
OT Orlando Brown
63%
TE Blake Bell
60%
CB L'Jarius Sneed
58%
LB Nick Bolton
53%
P Tommy Townsend
53%
LB Willie Gay
51%
RB Jerick McKinnon
49%
CB Charvarius Ward
48%
S Daniel Sorensen
45%
LB Anthony Hitchens
43%
OG Joe Thuney
43%
S Juan Thornhill
42%
CB Rashad Fenton
39%
DT Jarran Reed
26%
CB Mike Hughes
26%
OT Mike Remmers
24%
DE Mike Danna
22%
S Armani Watts
21%
C Austin Blythe
18%
LB Dorian O'Daniel
14%
OG Laurent Duvernay-Tardiff
12%
WR Antonio Callaway
2%
No matching quizzes found
Score Distribution
Percent of People with Each Score
Percentile by Number Answered
Your Score History
You have not taken this quiz